01379nam a2200409 a 450000100060000000300080000600500170001400600190003100700150005000800410006503500210010604000260012705000190015308000070017208200120017924501590019126000640035030000100041453301640042465000180058865000280060665000240063465000150065865000160067365000190068965000140070865000110072265000170073365300230075065300210077365300140079465500270080870000360083571000190087185600620089099900170095282728FlNmELB20241217151944.0m o d | cr cn|||||||||201004r2009 ag |||||s|||||||||||spa d a(OCoLC)780217508 aFlNmELBbspacFlNmELB 4aR117bU898 209 a6104a61022200aUtilidad del microsistema de dientes en las afecciones del sistema osteo-mio-articularh[recurso electronico] /cMaría Eugenia Machado Temes ...[et al]. a[Santa Fe, Argentina] :b[El Cid Editor | apuntes],c[2009] a11 p. aRecurso electrónico. Santa Fe, Arg.: e-libro, 2015. Disponible vía World Wide Web. El acceso puede estar limitado para las bibliotecas afiliadas a e-libro. 4aEnfermedades. 4aDiagnóstico médico. 4aMedicina clínica. 4aPathology. 4aAcupuntura. 4aPatolog℗Ła. 4aDiseases. 4aTeeth. 4aAcupuncture. aDiagnostico medico aMedicina clinica aPatologia 4aLibros electrónicos.1 aMachado Temes, María Eugenia.2 ae-libro, Corp.40uhttps://elibro.net/ereader/politecnicointernacional/28139 c82728d82728